Norwegian players in European Big Five (2000-) - Statistics

General Stats
  • This quiz has been taken 47 times
  • The average score is 32 of 129
Answer Stats
Ranking Player Positions Nationality Matches Goals (assists) Periods Clubs % Correct
59 Alf-Inge Haaland DF, MF 35 3 (1) 2000-2001
98%
12 Erling Haaland FW 164 147 (32) 2019-2025
98%
8 Martin Ødegaard MF, FW 191 38 (37) 2014-2015, 2019-2025
88%
81 Bjørn Helge Riise MF 15 0 (0) 2009-2011
83%
1 John Arne Riise DF, MF 435 31 (38) 2000-2014
83%
9 Alexander Sørloth DF, FW 182 64 (14) 2017-2018, 2020-2025
81%
48 Henning Berg DF 51 2 (2) 2000-2003
79%
17 Ole Gunnar Solskjær FW 133 43 (21) 2000-2003, 2005-2007
79%
79 Patrick Berg MF, FW 17 0 (0) 2021-2023
76%
16 Julian Ryerson DF, MF 146 9 (7) 2019-2025
74%
21 Jørgen Strand Larsen FW 104 31 (11) 2022-2025
69%
22 Sander Berge MF 97 3 (4) 2019-2020, 2023-2025
67%
6 Joshua King MF, FW 234 59 (20) 2011-2012, 2015-2021, 2024-2025
62%
2 John Carew FW 261 74 (20) 2000-2003, 2005-2011
60%
27 Kristoffer Ajer DF 85 3 (4) 2021-2025
60%
78 Oscar Bobb MF, FW 17 1 (1) 2023-2025
60%
28 Ørjan Nyland GK 81 0 (1) 2015-2016, 2019-2020, 2022-2025
57%
3 Morten Gamst Pedersen MF, FW 260 34 (39) 2004-2012
55%
29 Tommy Larsen MF 80 1 (10) 2001-2002, 2004-2005
55%
33 Ronny Johnsen DF 73 3 (0) 2000-2005
52%
65 Dennis Johnsen MF, FW 26 1 (2) 2021-2022
50%
39 Marcus Pedersen DF 57 0 (2) 2023-2025
50%
13 Rune Jarstein GK 164 0 (0) 2013-2021
50%
101 Kjetil Haug GK 6 0 (0) 2024-2025
48%
20 Tore André Flo FW 105 20 (8) 2000-2001, 2002-2005
48%
42 Jens Petter Hauge MF, FW 54 4 (2) 2020-2021, 2023-2024
45%
32 Leo Skiri Østigård DF 74 2 (0) 2021-2025
45%
30 Mohamed Elyounoussi MF, FW 79 5 (3) 2018-2019, 2021-2023
43%
11 Morten Thorsby MF, FW 170 10 (7) 2019-2025
43%
46 Tarik Elyounoussi MF, FW 52 4 (5) 2013-2016
43%
68 Antonio Nusa DF, MF 25 3 (3) 2024-2025
40%
5 Brede Hangeland DF 238 10 (3) 2007-2016
40%
7 Per Ciljan Skjelbred MF 205 2 (11) 2011-2020
40%
123 Frode Olsen GK 1 0 (0) 2001-2002
38%
15 Alexander Tettey DF, MF 161 6 (3) 2009-2013, 2015-2016, 2019-2020
36%
4 Håvard Nordtveit DF, MF 249 10 (12) 2009-2022
36%
35 Kristian Thorstvedt MF 65 8 (2) 2022-2024
36%
58 Ola Solbakken MF, FW 36 1 (2) 2022-2025
36%
34 Steffen Iversen FW 67 11 (5) 2000-2004
31%
52 Håvard Nielsen MF, FW 46 4 (1) 2013-2014, 2016-2017, 2021-2022
29%
10 Claus Lundekvam DF 170 1 (2) 2000-2005
26%
45 Erik Nevland FW 52 9 (6) 2007-2010
26%
37 Aron Dønnum DF, MF, FW 59 2 (3) 2023-2025
24%
19 Eirik Bakke MF 114 6 (5) 2000-2003, 2005-2006
24%
73 Stig Inge Bjørnebye DF 23 0 (1) 2001-2002
24%
122 Frode Grodås GK 1 0 (0) 2000-2001
21%
49 Øyvind Leonhardsen MF 51 6 (7) 2000-2003
21%
62 Torjus Hansén DF 31 0 (1) 2002-2003
21%
107 Vegard Heggem DF, MF 4 0 (0) 2000-2002
21%
41 Andreas Hanche-Olsen DF 54 3 (4) 2022-2025
19%
85 Jan Åge Fjørtoft FW 14 3 (1) 2000-2001
19%
124 Jo Inge Berget MF, FW 1 0 (0) 2013-2014
19%
102 Magnus Wolff Eikrem MF, FW 6 0 (1) 2013-2014
19%
83 Markus Henriksen DF, MF 15 0 (0) 2016-2017
19%
72 Mathias Normann MF 23 1 (2) 2021-2022
19%
23 Mohammed Abdellaoue FW 92 30 (3) 2010-2014
19%
96 Noah Holm MF, FW 8 0 (0) 2022-2023
19%
88 Stefan Johansen MF 12 0 (0) 2018-2019
19%
63 Thomas Myhre GK 29 0 (0) 2000-2001, 2002-2003, 2005-2007
19%
64 André Bergdølmo DF 27 0 (0) 2003-2005
17%
18 Bjørn Tore Kvarme DF 123 0 (5) 2000-2005
17%
40 Emil Bohinen MF 55 0 (1) 2021-2025
17%
84 Erik Huseklepp MF, FW 14 2 (2) 2010-2011
17%
66 Erik Mykland DF, MF 26 0 (2) 2000-2002
17%
70 Jan-Derek Sørensen MF, FW 24 0 (0) 2000-2002
17%
116 Lars Bohinen MF 2 0 (0) 2000-2001
17%
77 Mats Møller Dæhli MF, FW 17 1 (0) 2013-2014, 2016-2017
17%
26 Jo Tessem MF 85 8 (2) 2000-2004
14%
50 Kristoffer Askildsen MF 50 1 (0) 2019-2023
14%
117 Leo Fuhr Hjelde DF, MF 2 0 (0) 2021-2022
14%
89 Martin Andresen MF, FW 11 0 (0) 2003-2004
14%
31 Ole Selnæs MF 75 0 (7) 2015-2019
14%
74 Adama Diomande FW 22 2 (0) 2016-2017
12%
53 Alexander Søderlund FW 43 3 (4) 2015-2018
12%
76 Azar Karadas DF, FW 17 1 (0) 2005-2006
12%
25 Birger Meling DF 85 2 (8) 2020-2024
12%
47 Dan Eggen DF 51 3 (1) 2000-2001, 2003-2004
12%
14 Daniel Braaten MF, FW 163 14 (8) 2007-2013
12%
121 Espen Baardsen GK 1 0 (0) 2002-2003
12%
56 Omar Elabdellaoui DF, MF 37 1 (2) 2013-2014, 2016-2017
12%
69 Egil Østenstad FW 25 1 (3) 2000-2003
10%
57 Emil Ceide MF, FW 36 0 (1) 2021-2024
10%
86 Gunnar Halle DF 13 0 (0) 2000-2001
10%
43 Haitam Aleesami DF, MF 53 2 (4) 2016-2017, 2019-2020
10%
24 Hassan El Fakiri DF, MF 86 1 (5) 2002-2007
10%
82 Jonathan Parr DF 15 0 (0) 2013-2014
10%
126 Kristoffer Klaesson GK 1 0 (0) 2021-2022
10%
61 Magnus Knudsen MF 31 0 (1) 2024-2025
10%
97 Ruben Gabrielsen DF 8 0 (0) 2019-2020
10%
71 Stian Rode Gregersen DF 24 1 (1) 2021-2022
10%
54 Vidar Riseth DF, MF 43 3 (1) 2000-2003
10%
38 Waren Kamanzi DF, MF, FW 59 1 (4) 2022-2025
10%
119 Abdisalam Ibrahim DF, MF 1 0 (0) 2009-2010
7%
60 Erik Botheim MF, FW 35 1 (3) 2022-2024
7%
120 Erik Hagen DF 1 0 (0) 2007-2008
7%
93 Fredrik André Bjørkan DF 9 0 (0) 2021-2022
7%
55 Iver Fossum MF 37 1 (1) 2015-2016, 2017-2019
7%
115 Kristofer Hæstad MF 2 0 (0) 2006-2007
7%
105 Martin Palumbo MF, FW 5 0 (0) 2019-2022
7%
75 Sigurd Rushfeldt FW 18 3 (0) 2000-2001
7%
36 Thorstein Helstad FW 63 14 (5) 2008-2010
7%
44 Vadim Demidov DF, MF 53 0 (2) 2010-2013
7%
51 Anders Konradsen MF 49 3 (1) 2012-2015
5%
87 Bjørn Otto Bragstad DF 12 0 (1) 2000-2001
5%
128 Rafik Zekhnini FW 1 0 (0) 2017-2018
5%
90 Stefan Strandberg DF 11 0 (0) 2021-2022
5%
104 Trond Egil Soltvedt MF 6 1 (0) 2000-2001
5%
80 Vegar Eggen Hedenstad DF, MF 16 0 (1) 2012-2013
5%
112 Birk Risa FW 2 0 (0) 2017-2018
2%
67 Fredrik Strømstad MF 26 0 (3) 2008-2010
2%
113 Fredrik Ulvestad DF, MF 2 0 (0) 2014-2015
2%
108 Henning Hauger MF 3 0 (0) 2011-2012
2%
109 Isak Hansen-Aarøen MF 3 0 (0) 2023-2024
2%
92 Morten Berre MF, FW 10 0 (0) 2001-2002
2%
91 Bård Finne MF, FW 10 1 (0) 2014-2015
0%
100 Christian Kalvenes DF, MF 6 0 (0) 2009-2010
0%
94 Fredrik Oppegard DF 9 0 (0) 2024-2025
0%
98 Joel Mvuka DF, FW 7 0 (0) 2023-2024
0%
125 Jonathan Norbye MF 1 0 (0) 2023-2024
0%
95 Jon Inge Høiland DF 9 0 (1) 2005-2006
0%
114 Julian Kristoffersen FW 2 0 (0) 2021-2023
0%
106 Knut Olav Rindarøy DF 4 0 (0) 2010-2011
0%
103 Mathias Løvik DF, FW 6 0 (0) 2024-2025
0%
127 Mikail Maden FW 1 0 (0) 2020-2021
0%
110 Ousman Nyan DF, MF 3 0 (0) 2002-2003
0%
99 Ragnvald Soma DF 7 0 (0) 2000-2002
0%
111 Tommy Berntsen DF 3 0 (0) 2000-2001
0%
129 Tore Reginiussen DF 1 0 (0) 2009-2010
0%
118 Trond Fredrik Ludvigsen MF, FW 2 0 (0) 2001-2002
0%
No matching quizzes found
Score Distribution
Percent of People with Each Score
Percentile by Number Answered
Your Score History
You have not taken this quiz